000 00743nam a22001817a 4500
003 BD-DhUL
005 20170508185945.0
008 170508b2001 ii ||||| |||| 00| 0 ben d
040 _cBD-DhUL
082 _a320.95492
_bBAG
100 _aবন্দ্যোপাধ্যায়, জয়ন্তুনজা
245 _aগনতন্ত্র ধর্ম ো রাজনীতি /
_cজয়ন্তুনুজা বন্দ্যোপাধ্যায়
260 _aকলকাতা :
_bম্যানাস্ক্রিপ্ট ইন্ডিয়া,
_c২০০১
300 _a১৫২ পৃ. :
_c২১ সে.মি.
650 _aরাজনীতি
651 _2Politics
942 _2ddc
_cBK
999 _c194700
_d194700